|
|
|
|
| LEADER |
00000naa2a2200000 4500 |
| 001 |
76236 |
| 005 |
20231031091505.0 |
| 035 |
|
|
|a (RuTPU)RU\TPU\book\81472
|
| 090 |
|
|
|a 76236
|
| 100 |
|
|
|a 20050414d2000 k y0rusy50 ca
|
| 101 |
0 |
|
|a rus
|
| 102 |
|
|
|a RU
|
| 200 |
1 |
|
|a Алгоритм определения вероятностно-статистических моментов параметров режимов энергосистем
|f Е. И. Стоянов, А. В. Шмойлов
|
| 463 |
|
1 |
|0 (RuTPU)RU\TPU\book\25688
|t Современные техника и технологии
|o Труды VI международной научно-практической конференции студентов, аспирантов и молодых ученых, 28 февраля - 3 марта 2000 года, Томск
|f М-во образования РФ; ТПУ
|v С. 55-57.
|d 2000
|p 478 с.
|
| 610 |
1 |
|
|a энергосистемы
|
| 610 |
1 |
|
|a параметры режимов
|
| 610 |
1 |
|
|a вероятностно-статистические моменты
|
| 610 |
1 |
|
|a алгоритмы
|
| 610 |
1 |
|
|a электроэнергетические системы
|
| 610 |
1 |
|
|a труды учёных ТПУ
|
| 700 |
|
1 |
|a Стоянов
|b Е. И.
|
| 701 |
|
1 |
|a Шмойлов
|b А. В.
|c специалист в области электроэнергетики
|c доцент Томского политехнического университета, кандидат технических наук
|f 1939-
|g Анатолий Васильевич
|2 stltpush
|3 (RuTPU)RU\TPU\pers\26025
|
| 801 |
|
1 |
|a RU
|b 63413507
|c 20050414
|g PSBO
|
| 801 |
|
2 |
|a RU
|b 63413507
|c 20190125
|g RCR
|
| 942 |
|
|
|c BK
|